• 首页
  • 本馆介绍
  • 公告通知
  • 最新文献
  • 馆藏检索
  • 电子资源
  • 读者导购
  • 参考咨询
  • 我的图书馆
  • 登录
  • 详细信息显示
  • 放入我的书架
  • 预约/预借图书
  • 作者相关作品
  • 分类相关作品
  • 丛书相关作品
  • 出版社相关作品

书目信息

  • 表格格式
  • 工作单格式
  • 卡片格式
题名:
中国古代典籍中的自然科学思想
    
 
作者: 金健民 著
分册:  
出版信息: 济南   山东大学出版社  2003
页数: 274页
开本: 20cm
丛书名:
单 册:
中图分类: N092
科图分类:
主题词: 自然科学--思想史--研究--中国
电子资源:
ISBN: 7-5607-2573-2
000 00746nam0 2200217 45
001 050000001401
005 20050913112916.51
010    @a7-5607-2573-2@dCNY18.00
100    @a20031229d2003 ekmy0chiy0120 ea
101 0  @achi
102    @aCN@b370000
105    @aak z 000yy
200 1  @a中国古代典籍中的自然科学思想@Azhong guo gu dai dian ji zhong de zi ran ke xue si xiang@f金健民著@Fjin jian min zhu
210    @a济南@c山东大学出版社@d2003
215    @a274页@c照片@d20cm
330    @a本书包括:中国古代第一部科学著作《易经》、中国古代第一部诗歌总集《诗经》中的科学思想等内容。
606 0  @a自然科学@x思想史@x研究@y中国
690    @aN092@v4
701  0 @a金健民@Ajin jian min@4著
801  0 @aCN@bTSSF@c20050913
905    @a10447@dN092@e119
    
    中国古代典籍中的自然科学思想/金健民著.-济南:山东大学出版社,2003
    274页:照片;20cm
    
    
    ISBN 7-5607-2573-2:CNY18.00
    本书包括:中国古代第一部科学著作《易经》、中国古代第一部诗歌总集《诗经》中的科学思想等内容。
●
相关链接 在E读中查询图书 在五车中查询图书 在当当中查询图书 在豆瓣中查询图书


正题名:中国古代典籍中的自然科学思想     索取号:N092/119         预约/预借

序号 登录号 条形码 馆藏地/架位号 状态 备注
1 0361367   3613673   第二样本阅览室/ [索取号:N092/119] 在馆    
2 0361368   3613682   第三借阅区/ [索取号:N092/119] 在馆    
3 0361369   3613691   第三借阅区/ [索取号:N092/119] 在馆    
4 0361370   3613708   第三借阅区/ [索取号:N092/119] 在馆    
5 0361371   3613717   第三借阅区/ [索取号:N092/119] 在馆    
唐山师范学院图书馆 欢迎您!
大连网信软件有限公司© 版权所有